00410nam a2200145 a 450000500170000000800410001702000180005805000230007610000180009924500390011726000500015630000170020644000320022365000090025520140412111314.0001121s19uu xx 00 eng d a0-395-45989-3 aM 808.3bH974 1989 aHutchins, Pat aThe Doorbell rang /cPat Hutchins. aBoston, MA :bHoughton and Mifflin Co,c1989. a24 p. ; ill. aHoughton Mifflin Literature aRead